[Event "GER CM06-C email"]
[Site "GER email"]
[Date "2019.06.19"]
[Round "?"]
[White "Burgos Garbin, Francisco"]
[Black "Woelfelschneider, Peter"]
[Result "1/2-1/2"]
[WhiteElo "2373"]
[BlackElo "2344"]
[PlyCount "60"]
[EventDate "2019.??.??"]
[EventType "tourn (corr)"]
[EventRounds "13"]
[EventCountry "GER"]
[SourceTitle "Corr 2024"]
[Source "ChessBase"]
[SourceDate "2023.10.19"]
[SourceVersion "1"]
[SourceVersionDate "2023.10.19"]
[SourceQuality "1"]

1. e4 e5 2. Nf3 Nc6 3. Bb5 Nf6 4. 0-0 Nxe4 5. d4 Nd6 6. Bxc6 dxc6 7. dxe5 Nf5 8. Qxd8+ Kxd8 9. h3 Be7 10. Nc3 Bd7 11. Bg5 h6 12. Bxe7+ Nxe7 13. Rad1 Kc8 14. Nd4 b6 15. Rfe1 Re8 16. e6 fxe6 17. Nxe6 Nf5 18. Nf4 c5 19. f3 Rxe1+ 20. Rxe1 Kb7 21. Kf2 Rd8 22. Nfd5 g5 23. Re5 Nd4 24. Ne3 Be6 25. a3 Kc8 26. Ne4 Kd7 27. Ng3 Rf8 28. Ng4 Bxg4 29. hxg4 Nxc2 30. Nf5 Rh8 1/2-1/2